| 000 | 00523nam a2200193Ia 4500 | ||
|---|---|---|---|
| 003 | LK-CoDNM | ||
| 008 | 010623t2003 xxu||||| |||| 00| 1 sin d | ||
| 040 |
_aLK-CoDNM _dLK-CoDNM _eLK-CoDNM |
||
| 041 | _asin | ||
| 080 | _a159.9 PRE | ||
| 100 | _aPremathilaka , Nimal | ||
| 245 | _aධනවතෙකු වන්නේ කෙසේද? | ||
| 246 | _aDhanavateku Vanne Keseda ? | ||
| 260 |
_bMalpiyali _aDankotuva _c2003 |
||
| 300 | _b76p., 21 cm | ||
| 650 | _aPsychology | ||
| 650 | _aSelf Confidence | ||
| 942 | _cBK | ||
| 999 |
_c122898 _d122898 |
||